Maiores Artilheiros da História do Palmeiras - Statistics

Estatísticas Gerais
  • Esse quiz foi jogado 518 vezes
  • A pontuação média é 14 de 50
Estatísticas das Respostas
Ranking Nome Gols % Correto
22 Dudu (atacante) 88
93%
3 Ademir da Guia 155
91%
23 Raphael Veiga 88
90%
19 Edmundo 99
82%
8 Evair 126
81%
1 Heitor 323
68%
39 Rony 63
68%
2 César Maluco 182
67%
28 Alex 78
66%
33 Rivaldo 69
56%
42 Paulo Nunes 62
55%
37 Oséas 65
51%
14 Leivinha 108
49%
49 Zinho 56
37%
47 Arce 57
31%
44 Edilson 60
30%
36 Luizão 65
29%
34 Willian Bigode 66
26%
20 Jorginho Putinatti 95
24%
30 Jair Rosa Pinto 74
23%
16 Jorge Mendonça 103
23%
32 Nei 70
20%
11 Caetano Imparato 117
19%
46 Luiz Imparato 58
19%
29 Edu Bala 75
18%
27 Julinho Botelho 81
17%
21 Mazzola 90
15%
13 Romeu Pellicciari 109
15%
31 Vavá 72
15%
40 Mirandinha 63
13%
10 Tupãzinho 122
12%
15 Liminha 106
11%
5 Servílio 139
11%
4 Lima 149
10%
12 Echevarrieta 113
8%
7 Humberto Tozzi 127
8%
45 Rinaldo 60
7%
6 Rodrigues Tatu 131
7%
43 Fedato 61
6%
9 Luizinho 122
6%
25 Toninho Catarina 85
6%
24 Ademar Pantera 87
5%
17 Ministro 103
4%
41 Ney Blanco 63
4%
38 Romeiro 63
4%
18 Américo Murolo 102
3%
35 Nardo 65
3%
50 Osses 56
3%
26 Canhotinho 81
1%
48 Carrone 57
1%
Nenhum quiz correspondente encontrado
Distribuição das Pontuações
Porcentagem de Pessoas com Cada Pontuação
Percentil de Números Respondidos
Sua Pontuação Histórica
Você não jogou esse quiz